000 00311nam a22001337a 4500
008 180206b xxu||||| |||| 00| 0 eng d
020 _a9789997619273
041 _aeng
080 _27 ed
_a616.4
100 _a9
101 _agas
245 _agastrointestinal and liver disease
_cmark.f
942 _2udc
_cBK
999 _c41923
_d41923